00556nam a2200181 a 45000010010000000030011000100080041000210350026000620820015000881000022001032450047001252600053001726500011002259420012002369520091002489980020003399990015003590000-8731ELIB.Books110520 2005  a(ELIB.Books)0000-8877 aB.Th bTin aTin Htut Ohn, Saw aTheological Outlook on some moral Problems bInsein: Karen Baptist Theolgical Seminary c2005 aThesis 2ddccBK 00102ddc4070aKBTSbKBTSd2011-05-20l0p30218r2022-01-22 00:00:00w2022-01-22yBK cbate2011-05-20 c8731d8731